| 000 | 018950000a22002770004500 | ||
|---|---|---|---|
| 003 | LK-CoMWRAF | ||
| 008 | 230817t ||||| |||| 00| 0 eng d | ||
| 040 |
_aLK-CoMWRAF _dLK-CoMWRAF _eLK-CoMWRAF |
||
| 041 | _aeng | ||
| 245 |
_aYouth risk Behaviour _b |
||
| 260 |
_bMarga Institute & University of Ottawa _aColombo 06 (Sri Lanka) _c2008 |
||
| 300 | _ap.189 | ||
| 490 | _aMarga Journal - Special Issue (March 2008) | ||
| 650 | _aLiterature reviiew of Tobacco use by youth in Asia: Identifying knowledge gaps and future Tobacco control research needs for Youth in Post-conflict and Post-disaster Sri Lanka (Rosemerry Kennedy) | ||
| 650 | _aProfile of Sexual and Reproductive Inequalities affecting Chilean Adolescents (Andrea Martinez) | ||
| 650 | _aRebuilding Paradise lost: A reflection on youth risk Behaviour in Sri Lanka and the search for security (Carol Amaratunga) | ||
| 650 | _aRisk and Risiliency: Theoritical perspectives on Youth Health and Well-being (Heather Smith Fowler, Sonia Ter Kuile, Jill Hardt, Carol Amaratunga, Sujatha Liyanage) | ||
| 650 | _aRisky Behaviour: A Gender-based- Analysis of the Detriments to Health and Well-being of Young Men and Women in Post-conflict Sri Lanka (Sarath Amarasinghe, Chandika Gunasinghe, Ayesha Godagama) | ||
| 650 | _aSuicide and Sri Lankan Youth (Himalee Waidyasekera) | ||
| 650 | _aThe Prevalence and Risk factors of Risk Behaviours among late Adolescents (17-19 years) in Sri Lanka Neil Thalagala) | ||
| 650 | _aTobacco use and Production among Youth in Post-conflict and Developing Countries: The Perils of Globalization and Trade Liberalization (Ethel Tungohan and Lorraine Greaves) | ||
| 650 | _aYoung People's Initiation into Sexuality in Sri Lanka Society (Kalinga Tudor Silva, Stephen C. Schensul) | ||
| 650 | _aYouth Suicides in Sri Lanka (Dr. Ranil Abeyasing) | ||
| 700 |
_aAmaratunga,, Carol _eed. |
||
| 942 | _cBK | ||
| 999 |
_c2221 _d2221 |
||